000 02151nam a2200301Ia 4500
999 _c51493
_d51493
001 18479
003 GE_BSU
005 20250304172028.0
008 181216s2016||||ge |||||||||||||| ||geo||
020 _a9789941242021
040 _cGE_BSU
041 _ageo
080 _a27-36 წ-71
245 _aწმინდა მაკარი მმარხველი ; ღირსი კოზმან ხუცეს-მონაზონი ; ღირსი მამა ქრისტოდულე ფილოსოფოსი /
_cშემდგენელი კახაბერ კენკიშვილი ; გარეკანის დიზაინი რატი თორდია.
264 _aთბილისი :
_bპალიტრა L,
_c2016.
300 _a197გვ. ;
_c20 სმ.
490 _aსაქართველოს იმედი II : ყველა წმინდანი, რომელთა შესახებაც უნდა იცოდე, 2298-0547 / პროექტის რედაქტორი თამარ მამაცაშვილი ;
_vწ. 42
500 _aიბეჭდება სრულიად საქართველოს კათოლიკოს-პატრიარქის, უწმინდესისა და უნეტარესის ილია II-ის ლოცვა-კურთხევით
541 _h2 ლ.
653 _aრელიგია
653 _aწმინდა მაკარი მმარხველი
653 _aღირსი კოზმან ხუცეს-მონაზონი
653 _aღირსი მამა ქრისტოდულე ფილოსოფოსი
700 _aკენკიშვილი, კახაბერ
_e შემდგენელი
_924452
700 _aმამაცაშვილი, თამარ
_eპროექტის რედაქტორი
_924453
700 _aთორდია, რატი
_eგარეკანის დიზაინერი
_917902
942 _cBK
_2udc